[Event "Olympiad Women-44"]
[Site "Chennai"]
[Date "2022.08.01"]
[Round "4.4"]
[White "Munoz Henriquez, Alba Esther"]
[Black "Mihailova, Alina"]
[Result "0-1"]
[WhiteElo "1588"]
[BlackElo "1926"]
[PlyCount "62"]
[EventDate "2022.07.29"]
[EventType "team-swiss"]
[EventRounds "11"]
[EventCountry "IND"]
[SourceTitle "CBM 210"]
[Source "ChessBase"]
[SourceDate "2022.10.31"]
[SourceVersion "1"]
[SourceVersionDate "2022.10.31"]
[SourceQuality "1"]
[WhiteTeam "Panama (W)"]
[BlackTeam "Moldova (W)"]
[WhiteTeamCountry "PAN"]
[BlackTeamCountry "MDA"]

1. e4 e5 2. Nf3 Nc6 3. Bb5 a6 4. Ba4 Nf6 5. Qe2 b5 6. Bb3 Be7 7. c3 0-0 8. 0-0 d5 9. exd5 Nxd5 10. Nxe5 Nxe5 11. Qxe5 Nf6 12. d4 Re8 13. Qg3 Bd6 14. Qd3 c5 15. Bc2 c4 16. Qd1 Qc7 17. h3 Bb7 18. Nd2 Rad8 19. Nf3 Qc6 20. Bg5 Bb8 21. Re1 h6 22. Rxe8+ Rxe8 23. Be3 Nd5 24. Qd2 Qd6 25. Re1 Ne7 26. Qd1 Qd5 27. Bc1 f5 28. Qe2 Kf7 29. Nh4 Qd6 30. Qe5 Qc6 31. Bxf5 Bxe5 0-1